<?xml version="1.0" encoding="UTF-8"?>
<record
    xmlns:xsi="http://www.w3.org/2001/XMLSchema-instance"
    xsi:schemaLocation="http://www.loc.gov/MARC21/slim http://www.loc.gov/standards/marcxml/schema/MARC21slim.xsd"
    xmlns="http://www.loc.gov/MARC21/slim">

  <leader>02710nam a2200385 a 4500</leader>
  <controlfield tag="001">ebr10576334</controlfield>
  <controlfield tag="003">CaPaEBR</controlfield>
  <controlfield tag="006">m        u        </controlfield>
  <controlfield tag="007">cr cn|||||||||</controlfield>
  <controlfield tag="008">120405s2012    dcuad   sb    000 0 eng d</controlfield>
  <datafield tag="010" ind1=" " ind2=" ">
    <subfield code="z">  2012014393</subfield>
  </datafield>
  <datafield tag="020" ind1=" " ind2=" ">
    <subfield code="z">9780821395448 (electronic)</subfield>
  </datafield>
  <datafield tag="020" ind1=" " ind2=" ">
    <subfield code="z">9780821395431</subfield>
  </datafield>
  <datafield tag="020" ind1=" " ind2=" ">
    <subfield code="z">9780821395448 (e-book)</subfield>
  </datafield>
  <datafield tag="040" ind1=" " ind2=" ">
    <subfield code="a">CaPaEBR</subfield>
    <subfield code="c">CaPaEBR</subfield>
  </datafield>
  <datafield tag="035" ind1=" " ind2=" ">
    <subfield code="a">(OCoLC)802054254</subfield>
  </datafield>
  <datafield tag="043" ind1=" " ind2=" ">
    <subfield code="a">fb-----</subfield>
  </datafield>
  <datafield tag="050" ind1="1" ind2="4">
    <subfield code="a">HD2118</subfield>
    <subfield code="b">.A29 2012eb</subfield>
  </datafield>
  <datafield tag="082" ind1="0" ind2="4">
    <subfield code="a">338.1867</subfield>
    <subfield code="2">23</subfield>
  </datafield>
  <datafield tag="245" ind1="0" ind2="0">
    <subfield code="a">African agricultural reforms</subfield>
    <subfield code="h">[electronic resource] :</subfield>
    <subfield code="b">the role of consensus and institutions /</subfield>
    <subfield code="c">M. Ataman Aksoy, editor.</subfield>
  </datafield>
  <datafield tag="260" ind1=" " ind2=" ">
    <subfield code="a">Washington, D.C. :</subfield>
    <subfield code="b">World Bank,</subfield>
    <subfield code="c">2012.</subfield>
  </datafield>
  <datafield tag="300" ind1=" " ind2=" ">
    <subfield code="a">xix, 313 p. :</subfield>
    <subfield code="b">ill.</subfield>
  </datafield>
  <datafield tag="490" ind1="1" ind2=" ">
    <subfield code="a">Directions in development. Trade</subfield>
  </datafield>
  <datafield tag="504" ind1=" " ind2=" ">
    <subfield code="a">Includes bibliographical references.</subfield>
  </datafield>
  <datafield tag="505" ind1="0" ind2="0">
    <subfield code="g">Overview / M. Ataman Aksoy, John Baffes, Donald Mitchell, Anil Onal, and Fahrettin Yagci --</subfield>
    <subfield code="g">Cross-cutting analysis --</subfield>
    <subfield code="t">Consensus, institutions, and supply response: the political economy of agricultural reforms in SSA / M. Ataman Aksoy and Anil Onal --</subfield>
    <subfield code="t">International commodity prices, exchange rates and producer prices / Anil Onal and M. Ataman Aksoy --</subfield>
    <subfield code="t">An empirical analysis of supply response for selected export crops in Sub-Saharan Africa / Anil Onal --</subfield>
    <subfield code="t">How Africa missed the cotton revolution / John Baffes --</subfield>
    <subfield code="t">Coffee in Uganda and Vietnam: why they performed so differently / John Baffes and Anil Onal --</subfield>
    <subfield code="g">Case studies: what went wrong, right, and why --</subfield>
    <subfield code="t">Mozambique cashew reforms revisited / M. Ataman Aksoy and Fahrettin Yagci --</subfield>
    <subfield code="t">The Tanzania cashew sector: why market reforms were not sustained / Donald Mitchell and Mwombeki Baregu --</subfield>
    <subfield code="t">Kenya smallholder coffee and tea: divergent trends following liberalization / Donald Mitchell --</subfield>
    <subfield code="t">The Tanzania tobacco sector: how market reforms succeeded / Donald Mitchell and Mwombeki Baregu --</subfield>
    <subfield code="t">Performance of Zambia's cotton sector under partial reforms / Fahrettin Yagci and M. Ataman Aksoy.</subfield>
  </datafield>
  <datafield tag="533" ind1=" " ind2=" ">
    <subfield code="a">Electronic reproduction.</subfield>
    <subfield code="b">Palo Alto, Calif. :</subfield>
    <subfield code="c">ebrary,</subfield>
    <subfield code="d">2011.</subfield>
    <subfield code="n">Available via World Wide Web.</subfield>
    <subfield code="n">Access may be limited to ebrary affiliated libraries.</subfield>
  </datafield>
  <datafield tag="650" ind1=" " ind2="0">
    <subfield code="a">Agriculture and state</subfield>
    <subfield code="z">Africa, Sub-Saharan.</subfield>
  </datafield>
  <datafield tag="650" ind1=" " ind2="0">
    <subfield code="a">Agricultural productivity</subfield>
    <subfield code="z">Africa, Sub-Saharan</subfield>
    <subfield code="v">Case studies.</subfield>
  </datafield>
  <datafield tag="650" ind1=" " ind2="0">
    <subfield code="a">Agricultural development projects</subfield>
    <subfield code="z">Africa, Sub-Saharan</subfield>
    <subfield code="v">Case studies.</subfield>
  </datafield>
  <datafield tag="655" ind1=" " ind2="7">
    <subfield code="a">Electronic books.</subfield>
    <subfield code="2">local</subfield>
  </datafield>
  <datafield tag="700" ind1="1" ind2=" ">
    <subfield code="a">Aksoy, M. Ataman,</subfield>
    <subfield code="d">1945-</subfield>
  </datafield>
  <datafield tag="710" ind1="2" ind2=" ">
    <subfield code="a">ebrary, Inc.</subfield>
  </datafield>
  <datafield tag="830" ind1=" " ind2="0">
    <subfield code="a">Directions in development (Washington, D.C.).</subfield>
    <subfield code="p">Trade.</subfield>
  </datafield>
  <datafield tag="856" ind1="4" ind2="0">
    <subfield code="u">http://site.ebrary.com/lib/rucke/Doc?id=10576334</subfield>
    <subfield code="z">An electronic book accessible through the World Wide Web; click to view</subfield>
  </datafield>
  <datafield tag="999" ind1=" " ind2=" ">
    <subfield code="c">87947</subfield>
    <subfield code="d">87947</subfield>
  </datafield>
</record>
